LEADER 00883nam a2200241 i 4500 001 000000052413 003 CaOOAMICUS 005 20130212000000.0 008 130212s2011 it u000 u ita u 013 $a23585 020 $a978-88-8123-754-8 040 $aSeMil$bita 100 1 $aAndriolo, Luciano.$0(OLS)http://semarc/name/25886 245 10$aPreghiere della vita /$cLuciano Andriolo. 260 $aMilano :$bIn Dialogo,$c2011. 300 $a85 p. ;$c13x15 cm. 650 4$aPreghiere - Testi.$0(OLS)http://semarc/subject/6541 850 $aSeMil 852 $aSeMil$W1$xVenegono$y1$m3F I 658$j18567$B18567$CSeMilBibl$Z2$F18569 $81 961 $aOmaggio: Altro 996 $6020$a978-88-8123-754-8$9(OLS)http://semarc/number/26809 996 $6245$aPreghiere della vita$9(OLS)http://semarc/title/80413 996 $6260$aMilano :$bIn Dialogo$9(OLS)http://semarc/publisher/31663 LEADER 01318nam a2200265 i 4500 001 000000113722 003 CaOOAMICUS 005 20030401000000.0 008 030401s1964 xxk u000 u mul u 013 $a86408 040 $aSeMil$bita 240 00$aRomans and 1 and 2 Corinthians.$0(OLS)http://semarc/title/166089 245 10$aRomans and 1 and 2 Corinthians :$ba Greek-English Diglot for the use of translators. 260 $aLondon :$bThe British and Foreign Bible Society,$c1964. 300 $aiv, 155 p. in due sequenze + [1] c. di tav. ;$c24 cm. 490 0 $aThe Greek-English New Testament 500 $aIn testa al front. : For private circulation only. - Testo greco a fronte. - Fondo Card. C.M. Martini. 650 4$aBibbia - NT - Lettere ai Corinzi - Traduzione greco-inglese.$0(OLS)http://semarc/subject/20656 830 4$aThe Greek-English New Testament.$0(OLS)http://semarc/title/11878 850 $aSeMil 852 $aSeMil$W1$xVenegono$y1$m2W III 96$j69382$B69382$CSeMilBibl$Z2$F103173 $81 941 1 $a4 961 $aOmaggio: Martini Card. Carlo Maria 996 $6245$aRomans and 1 and 2 Corinthians :$ba Greek-English Diglot for the use of translators$9(OLS)http://semarc/title/166095 996 $6260$aLondon :$bThe British and Foreign Bible Society$9(OLS)http://semarc/publisher/32437